Landen zonder grenzen - Statistieken

Algemene statistieken
  • Deze quiz is 211 keer genomen
  • De gemiddelde score is 30 van 40
Antwoordstatistieken
Landen % Correct
Australië
91%
IJsland
91%
Nieuw-Zeeland
91%
Japan
88%
Malta
87%
Madagaskar
84%
Cyprus
82%
Sri Lanka
80%
Cuba
79%
Kaapverdië
79%
Fiji
78%
Saint Lucia
78%
Seychellen
78%
Comoren
76%
Palau
76%
Bahama's
75%
Maldiven
75%
Tuvalu
75%
Filipijnen
74%
Jamaica
74%
Marshalleilanden
74%
Saint Vincent en de Grenadines
74%
Salomonseilanden
74%
Micronesia
73%
Saint Kitts en Nevis
73%
Barbados
72%
Nauru
72%
Vanuatu
72%
Antigua en Barbuda
71%
Sao Tomé en Principe
71%
Taiwan
71%
Tonga
71%
Trinidad en Tobago
70%
Grenada
69%
Mauritius
68%
Samoa
68%
Dominica
67%
Kiribati
64%
Bahrein
47%
Singapore
31%
Geen overeenkomende quizzen gevonden
Scoreverdeling
Procent van Mensen met Elke Score
Percentiel versus Aantal Correcte Antwoorden
Uw Scoregeschiedenis
U heeft deze quiz nog niet genomen